5HLuxD.jpg

KING HENRY VIII SENIOR AND PRIMARY SCHOOL LIBRARY OPAC

The tale of Troy / (Record no. 1230)

000 -LEADER
fixed length control field 01059pam a2200325 a 4500
001 - CONTROL NUMBER
control field 019391059
003 - CONTROL NUMBER IDENTIFIER
control field UkOxU
005 - DATE AND TIME OF LATEST TRANSACTION
control field 20230104094113.0
008 - FIXED-LENGTH DATA ELEMENTS--GENERAL INFORMATION
fixed length control field 120116s2012 enkab j 000 f eng|d
015 ## - NATIONAL BIBLIOGRAPHY NUMBER
National bibliography number GBB206151
Source bnb
020 ## - INTERNATIONAL STANDARD BOOK NUMBER
International Standard Book Number 9780141341965
020 ## - INTERNATIONAL STANDARD BOOK NUMBER
International Standard Book Number 0141341963 (pbk.) :
035 ## - SYSTEM CONTROL NUMBER
System control number (Uk)016014494
040 ## - CATALOGING SOURCE
Original cataloging agency StDuBDS
Language of cataloging eng
Transcribing agency StDuBDS
Modifying agency Uk
-- UkOxU
-- KH8
042 ## - AUTHENTICATION CODE
Authentication code ukblcatcopy
082 04 - DEWEY DECIMAL CLASSIFICATION NUMBER
Classification number 823.92 GRE
Edition number 23
100 1# - MAIN ENTRY--PERSONAL NAME
Personal name Green, Roger Lancelyn.
Relator term AUTHOR
245 14 - TITLE STATEMENT
Title The tale of Troy /
Statement of responsibility, etc. Roger Lancelyn Green ; retold from the ancient authors 'The tale of Troy devine', Milton ; illustrations by Pauline Baynes.
250 ## - EDITION STATEMENT
Edition statement [New] ed. /
Remainder of edition statement introduced by Michelle Paver.
260 ## - PUBLICATION, DISTRIBUTION, ETC.
Place of publication, distribution, etc. London :
Name of publisher, distributor, etc. Puffin,
Date of publication, distribution, etc. 2012.
300 ## - PHYSICAL DESCRIPTION
Extent ix, 207 p. :
Other physical details ill., map ;
Dimensions 18 cm.
490 1# - SERIES STATEMENT
Series statement Puffin classics
650 #0 - SUBJECT ADDED ENTRY--TOPICAL TERM
Topical term or geographic name entry element Trojan War
Form subdivision Juvenile fiction.
655 #0 - INDEX TERM--GENRE/FORM
Genre/form data or focus term Legends.
655 #0 - INDEX TERM--GENRE/FORM
Genre/form data or focus term Children's stories.
700 1# - ADDED ENTRY--PERSONAL NAME
Personal name Baynes, Pauline.
Relator term ILLUSTRATOR
830 #0 - SERIES ADDED ENTRY--UNIFORM TITLE
Uniform title Puffin classics.
942 ## - ADDED ENTRY ELEMENTS (KOHA)
Source of classification or shelving scheme
Koha item type Books - Fiction
Holdings
Withdrawn status Lost status Source of classification or shelving scheme Damaged status Not for loan Collection code Permanent Location Current Location Shelving location Date acquired Total Checkouts Full call number Barcode Date last seen Date last checked out Price effective from Koha item type
          Fiction KH8 Primary School Library KH8 Primary School Library Fiction 2022-12-27 4 823.92 GRE KHPL000003003 2025-12-05 2024-11-07 2022-12-27 Books - Fiction

Powered By KH8 IT Dept